[Event "Open Sport & Cultura A"]
[Site "Milano ITA"]
[Date "2010.02.14"]
[Round "4"]
[White "Margstahler, Francesco"]
[Black "Didoni, Renato"]
[Result "0-1"]
[WhiteElo "1836"]
[BlackElo "1977"]
[PlyCount "54"]
[EventDate "2010.02.12"]

1. e4 d6 2. d4 c6 3. f4 Nf6 4. Nc3 Qc7 5. Nf3 Nbd7 6. e5 Nd5 7. Nxd5 cxd5 8. c3
Nb6 9. Bd3 Bg4 10. O-O a6 11. h3 dxe5 12. fxe5 Bh5 13. Qe1 e6 14. g4 Bg6 15.
Bxg6 hxg6 16. Ng5 O-O-O 17. Rxf7 Qc6 18. Qf2 Re8 19. Be3 Be7 20. h4 Nc4 21. Rf1
Nxe3 22. Qxe3 Rxh4 23. Qf4 Qb5 24. Rf2 Qd3 25. Kg2 Bxg5 26. Qg3 Qe4+ 27. Qf3
Rxg4+ 0-1

[Event "Open Sport & Cultura A"]
[Site "Milano ITA"]
[Date "2010.02.14"]
[Round "4"]
[White "Mariucci, Felice"]
[Black "Attuati, Luca"]
[Result "1-0"]
[WhiteElo "1744"]
[BlackElo "1447"]
[PlyCount "86"]
[EventDate "2010.02.12"]

1. Nf3 d5 2. e3 Nf6 3. b3 Bg4 4. Bb2 Nc6 5. Bb5 a6 6. Bxc6+ bxc6 7. d3 e6 8.
Nbd2 Bd6 9. O-O Rb8 10. Qe1 Bb4 11. Ne5 Qd6 12. a3 Bc5 13. f4 Bf5 14. Qg3 O-O
15. Rae1 Bxa3 16. Bxa3 Qxa3 17. Nxc6 Ra8 18. Ne7+ Qxe7 19. Nf3 Nh5 20. Qf2 f6
21. h3 Qe8 22. g4 Qg6 23. Nh4 Qe8 24. gxf5 exf5 25. Kh2 g6 26. Qg2 Kh8 27. Qxd5
c6 28. Qf3 Rb8 29. Ra1 Qc8 30. Ra5 Rb5 31. Rfa1 g5 32. Qxh5 gxh4 33. Qxh4 Rxa5
34. Rxa5 Rf7 35. Qh5 Qb7 36. Qxf5 c5 37. Rxc5 Rf8 38. Rc4 Rg8 39. Qxf6+ Rg7 40.
Re4 Qc8 41. c4 Kg8 42. Qe6+ Qxe6 43. Rxe6 a5 1-0

[Event "Open Sport & Cultura A"]
[Site "Milano ITA"]
[Date "2010.02.14"]
[Round "4"]
[White "Martelli, Tommaso"]
[Black "Miracola, Massimiliano"]
[Result "0-1"]
[WhiteElo "1900"]
[BlackElo "1545"]
[PlyCount "76"]
[EventDate "2010.02.12"]

1. e4 c5 2. Nf3 d6 3. d4 cxd4 4. Nxd4 Nf6 5. Nc3 a6 6. Be2 e6 7. Be3 Be7 8. Qd2
Nbd7 9. g4 h6 10. h4 b5 11. f3 Ne5 12. O-O-O Nfd7 13. g5 Nb6 14. gxh6 gxh6 15.
Bxh6 Nec4 16. Bxc4 Nxc4 17. Qg2 Rxh6 18. Nc6 Qc7 19. Nxe7 Qxe7 20. Qg8+ Qf8 21.
Qg5 Rg6 22. Qf4 e5 23. Qh2 Qh6+ 24. Kb1 Ne3 25. Rdg1 Rxg1+ 26. Rxg1 Bb7 27. Qh3
Ke7 28. b3 Rh8 29. Rc1 b4 30. Ne2 Qxh4 31. Qxh4+ Rxh4 32. Ng3 Rh3 33. Rg1 Rh2
34. Re1 Nxc2 35. Rc1 Na3+ 36. Ka1 Nb5 37. Nf5+ Ke6 38. Rd1 d5 0-1

[Event "Open Sport & Cultura A"]
[Site "Milano ITA"]
[Date "2010.02.14"]
[Round "4"]
[White "Miglioli, Luca"]
[Black "Calabrese, Maurizio"]
[Result "1-0"]
[WhiteElo "1780"]
[BlackElo "1539"]
[PlyCount "91"]
[EventDate "2010.02.12"]

1. d4 Nf6 2. c4 g6 3. Nc3 Bg7 4. e4 d6 5. Nf3 O-O 6. h3 Nbd7 7. Be3 a6 8. Qd2
Ne8 9. Bh6 e5 10. Bxg7 Nxg7 11. Rd1 Ne6 12. dxe5 Nxe5 13. Nxe5 dxe5 14. Qd5
Qxd5 15. exd5 Nd4 16. Bd3 Bf5 17. O-O Bxd3 18. Rxd3 Kg7 19. Re1 f6 20. Ne2 Nc2
21. Rc1 Nb4 22. Ra3 Rf7 23. Rd1 Rd7 24. Rb3 c5 25. a3 Nc2 26. Rc3 Nd4 27. Nxd4
exd4 28. Rcd3 g5 29. b4 b6 30. bxc5 bxc5 31. Re1 Raa7 32. Re6 Re7 33. Rc6 Re1+
34. Kh2 Rae7 35. Rxc5 h5 36. Rxd4 Rf1 37. Rd2 Kh6 38. d6 Ree1 39. g3 g4 40.
hxg4 hxg4 41. f4 gxf3 42. Kh3 Re8 43. d7 Rh1+ 44. Kg4 Rd8 45. Kxf3 f5 46. Rc8
1-0

[Event "Open Sport & Cultura A"]
[Site "Milano ITA"]
[Date "2010.02.14"]
[Round "4"]
[White "Mircoli, Filippo"]
[Black "Carbone, Lorenzo"]
[Result "1-0"]
[WhiteElo "1729"]
[BlackElo "1751"]
[PlyCount "120"]
[EventDate "2010.02.12"]

1. e4 c5 2. Nf3 d6 3. d4 cxd4 4. Nxd4 Nf6 5. Nc3 e6 6. Be2 Be7 7. O-O O-O 8.
Kh1 a6 9. f4 Qc7 10. Be3 b5 11. Bf3 Bb7 12. e5 Bxf3 13. Qxf3 Nd5 14. Nxd5 exd5
15. Qxd5 Nd7 16. e6 Nf6 17. exf7+ Kh8 18. Qb3 Qd7 19. Rad1 Rac8 20. Ne6 Rxf7
21. Nc5 Qe8 22. Nxa6 Rf8 23. Nb4 Qh5 24. Bd4 Ne4 25. Qf3 Qxf3 26. Rxf3 Bf6 27.
Bxf6 Rxf6 28. Nd5 Rf7 29. c3 Re8 30. g3 h6 31. Kg2 Nc5 32. Re3 Ra8 33. a3 Na4
34. Rd2 Nc5 35. Nb6 Rd8 36. Nd5 Kh7 37. Re7 Rf5 38. g4 Rff8 39. f5 Kh8 40. b4
Na4 41. Rb7 Rb8 42. Rxb8 Rxb8 43. Kf3 Re8 44. Re2 Rc8 45. Rc2 Re8 46. c4 Rc8
47. Ne3 Rb8 48. cxb5 Rxb5 49. Ke4 Nb6 50. Rd2 Re5+ 51. Kf4 Kg8 52. Rxd6 Rb5 53.
Ke4 Kf7 54. Nd5 Nc4 55. Rd7+ Kf8 56. a4 Rb8 57. Kd4 Nd2 58. h3 Nf3+ 59. Kc5
Rc8+ 60. Rc7 Ra8 1-0

[Event "Open Sport & Cultura A"]
[Site "Milano ITA"]
[Date "2010.02.14"]
[Round "4"]
[White "Moroni, Luca jr"]
[Black "Lipari, Alberto"]
[Result "1-0"]
[WhiteElo "1600"]
[BlackElo "1609"]
[PlyCount "81"]
[EventDate "2010.02.12"]

1. e4 c5 2. Nf3 Nc6 3. d4 cxd4 4. Nxd4 Qc7 5. Nc3 e6 6. Be3 Bb4 7. Ndb5 Qb8 8.
a3 Be7 9. Be2 a6 10. Nd4 Bf6 11. O-O Nge7 12. f4 g6 13. Kh1 d6 14. Na4 b5 15.
Nxc6 Nxc6 16. Nb6 Bxb2 17. Nxa8 Qxa8 18. Ra2 Bf6 19. Qxd6 Be7 20. Qd3 b4 21.
Bd4 O-O 22. Bb2 Rd8 23. Qe3 a5 24. Bf3 Qa6 25. Be2 Qb7 26. axb4 Bxb4 27. Bc3
Qc7 28. Raa1 e5 29. f5 Bxc3 30. Qxc3 Rd4 31. fxg6 hxg6 32. Bc4 Rd7 33. Bd5 Nd4
34. Qxc7 Rxc7 35. Rxa5 Nxc2 36. Rxf7 Rxf7 37. Ra7 Nb4 38. Bxf7+ Kf8 39. Bxg6
Nc6 40. Ra8 Ne7 41. Bf5 1-0

[Event "Open Sport & Cultura A"]
[Site "Milano ITA"]
[Date "2010.02.14"]
[Round "4"]
[White "Necchi, Flavio"]
[Black "Brociner, Beniamino"]
[Result "0-1"]
[WhiteElo "1766"]
[BlackElo "1866"]
[PlyCount "50"]
[EventDate "2010.02.12"]

1. e4 c5 2. Nf3 d6 3. d4 cxd4 4. Nxd4 Nf6 5. Nc3 a6 6. Bg5 e6 7. f4 Be7 8. Qf3
Qc7 9. O-O-O Nbd7 10. g4 b5 11. Bxb5 axb5 12. Ndxb5 Qb6 13. Bxf6 Nxf6 14. Rhe1
Bb7 15. g5 Nd7 16. Qg3 Nc5 17. f5 e5 18. f6 gxf6 19. gxf6 Bf8 20. Qg4 Na4 21.
Rd5 Nxc3 22. Nxc3 Bxd5 23. Nxd5 Qa5 24. Re3 Bh6 25. Qg7 Qe1# 0-1

[Event "Open Sport & Cultura A"]
[Site "Milano ITA"]
[Date "2010.02.14"]
[Round "4"]
[White "Orsi, Matteo"]
[Black "Olivieri, Alessandro"]
[Result "1-0"]
[WhiteElo "1950"]
[BlackElo "1936"]
[PlyCount "37"]
[EventDate "2010.02.12"]

1. Nf3 Nf6 2. g3 g6 3. Bg2 Bg7 4. d3 d5 5. O-O O-O 6. Nbd2 c5 7. e4 Nc6 8. Re1
e5 9. exd5 Nxd5 10. Ne4 Qe7 11. Nc3 Nxc3 12. bxc3 f5 13. Ba3 Qd6 14. Qe2 Rb8
15. d4 exd4 16. Qc4+ Kh8 17. Bxc5 Qf6 18. Bxf8 Qxf8 19. cxd4 1-0

[Event "Open Sport & Cultura A"]
[Site "Milano ITA"]
[Date "2010.02.14"]
[Round "4"]
[White "Penna, Tommaso"]
[Black "Madaschi, Sergio"]
[Result "1-0"]
[WhiteElo "1707"]
[BlackElo "1587"]
[PlyCount "41"]
[EventDate "2010.02.12"]

1. d4 d5 2. c4 e6 3. Nc3 c6 4. e4 dxe4 5. Nxe4 Bb4+ 6. Bd2 Qxd4 7. Bxb4 Qxe4+
8. Be2 Na6 9. Ba5 b6 10. Qd6 Rb8 11. O-O-O Bb7 12. Qd7+ Kf8 13. Qd6+ Ke8 14.
Bc3 f6 15. Nf3 Ne7 16. Rhe1 Kf7 17. Bd3 Qg4 18. h3 Qxg2 19. Qxe6+ Kf8 20. Qxe7+
Kg8 21. Rg1 1-0

[Event "Open Sport & Cultura A"]
[Site "Milano ITA"]
[Date "2010.02.14"]
[Round "4"]
[White "Pili, Giangiuseppe"]
[Black "Travaglini, Renzo"]
[Result "1-0"]
[WhiteElo "1669"]
[BlackElo "1622"]
[PlyCount "101"]
[EventDate "2010.02.12"]

1. d4 d5 2. Nf3 Bf5 3. c4 Bxb1 4. Rxb1 e6 5. Qb3 b6 6. Bg5 Be7 7. Bxe7 Nxe7 8.
g3 O-O 9. Bg2 Ng6 10. O-O Qd6 11. cxd5 exd5 12. Rbc1 Nd7 13. Rfd1 Nf6 14. Qc2
Rfc8 15. Nd2 c6 16. e4 dxe4 17. Nxe4 Nxe4 18. Qxe4 Ne7 19. Rc2 Rc7 20. Rdc1
Rac8 21. Rc4 Nd5 22. Qc2 Ne7 23. a4 Nd5 24. Bh3 Re8 25. Rxc6 Rxc6 26. Qxc6 Re1+
27. Bf1 Qxc6 28. Rxc6 Kf8 29. Kg2 Rd1 30. Rc4 a5 31. b3 Rd2 32. Kf3 Rb2 33.
Rc8+ Ke7 34. Bc4 Kd7 35. Rg8 Nb4 36. Rxg7 Nc2 37. Rxf7+ Kd6 38. Ke4 Na1 39.
Rf6+ Kc7 40. Rf3 Nc2 41. Rf7+ Kd6 42. Rxh7 Na1 43. Rh5 Rxf2 44. g4 Rb2 45. Rh3
Rf2 46. g5 Nc2 47. g6 Rf8 48. g7 Re8+ 49. Kf5 Nxd4+ 50. Kg6 Ne6 51. Bxe6 1-0

[Event "Open Sport & Cultura A"]
[Site "Milano ITA"]
[Date "2010.02.14"]
[Round "4"]
[White "Primerano, Carlo"]
[Black "Stanzani, Maurizio"]
[Result "1-0"]
[WhiteElo "1734"]
[BlackElo "1657"]
[PlyCount "53"]
[EventDate "2010.02.12"]

1. d4 g6 2. c4 Bg7 3. Nc3 d6 4. e4 Nc6 5. Be3 e5 6. d5 Nd4 7. Nge2 Bg4 8. Qd2
Bxe2 9. Nxe2 c5 10. dxc6 Nxc6 11. Rd1 Qa5 12. Qxa5 Nxa5 13. Nc3 Nc6 14. Rxd6
Bf8 15. Rd1 Bb4 16. Bd2 Nf6 17. f3 O-O-O 18. Nd5 Nxd5 19. cxd5 Bxd2+ 20. Rxd2
Nd4 21. Bd3 g5 22. O-O Rd6 23. Rc1+ Kb8 24. Rc3 h5 25. Rd1 h4 26. h3 g4 27.
fxg4 1-0

[Event "Open Sport & Cultura A"]
[Site "Milano ITA"]
[Date "2010.02.14"]
[Round "4"]
[White "Rambaldi, Francesco"]
[Black "D'Alessio, Angelo"]
[Result "0-1"]
[WhiteElo "1901"]
[BlackElo "2017"]
[PlyCount "110"]
[EventDate "2010.02.12"]

1. e4 e5 2. Nf3 Nc6 3. Bb5 a6 4. Ba4 Nf6 5. Qe2 b5 6. Bb3 Bc5 7. c3 O-O 8. d3
d6 9. h3 h6 10. Nbd2 Na5 11. Bc2 Ba7 12. d4 exd4 13. cxd4 Re8 14. O-O Nc6 15.
a4 Nxd4 16. Nxd4 Bxd4 17. axb5 a5 18. Nc4 Bb7 19. Nxa5 Bxe4 20. Bxe4 Rxe4 21.
Qf3 Qe8 22. Qd3 Bb6 23. Bd2 Rd4 24. Qc2 Qxb5 25. Nc6 Rxa1 26. Rxa1 Re4 27. Ra8+
Re8 28. Rxe8+ Nxe8 29. Qe4 Nf6 30. Qf3 Qxb2 31. Bf4 Qb1+ 32. Kh2 Qe4 33. Qxe4
Nxe4 34. f3 Nf6 35. g4 Kf8 36. Kg3 Nd5 37. Bd2 Ke8 38. Nb4 Nxb4 39. Bxb4 c5 40.
Bc3 f6 41. Kf4 Kf7 42. Ke4 Ke6 43. f4 d5+ 44. Kd3 d4 45. Bd2 Kd5 46. g5 c4+ 47.
Kc2 Ke4 48. gxh6 gxh6 49. h4 h5 50. Bc1 Bc7 51. Kd1 Bxf4 52. Ba3 d3 53. Bb4 Bg3
54. Bc5 c3 55. Bb4 c2+ 0-1

[Event "Open Sport & Cultura A"]
[Site "Milano ITA"]
[Date "2010.02.14"]
[Round "4"]
[White "Ranfagni, Stefano"]
[Black "Attuati, Stefano"]
[Result "0-1"]
[WhiteElo "2007"]
[BlackElo "1812"]
[PlyCount "82"]
[EventDate "2010.02.12"]

1. e4 e6 2. d4 d5 3. Nd2 Be7 4. e5 c5 5. c3 Nh6 6. f4 Nc6 7. Ndf3 Qb6 8. Bd3
cxd4 9. cxd4 Bd7 10. Ne2 Nb4 11. Bb1 Bb5 12. a3 Qa6 13. Nc3 Nd3+ 14. Bxd3 Bxd3
15. Qa4+ Qxa4 16. Nxa4 Nf5 17. Nc3 Kd7 18. Kf2 Rhc8 19. Be3 Rab8 20. Rhd1 Bc2
21. Rdc1 Bd3 22. g4 Nxe3 23. Kxe3 Bc4 24. h4 a5 25. Ng5 f6 26. Nf3 b5 27. exf6
gxf6 28. g5 Rg8 29. Rg1 a4 30. Nd1 b4 31. axb4 Rxb4 32. Rg2 Rb3+ 33. Nc3 Bb4
34. Rc2 a3 35. gxf6 axb2 36. Ne5+ Kd6 37. Ra7 Bb5 38. Rxb2 Rg3+ 39. Kf2 Bxc3
40. f7 Bxd4+ 41. Ke1 Rg1+ 0-1

[Event "Open Sport & Cultura A"]
[Site "Milano ITA"]
[Date "2010.02.14"]
[Round "4"]
[White "Reale, Simone"]
[Black "Illyuviev, Oleg"]
[Result "1/2-1/2"]
[WhiteElo "1868"]
[BlackElo "1974"]
[PlyCount "67"]
[EventDate "2010.02.12"]

1. d4 d5 2. c4 Nc6 3. Nf3 Nf6 4. cxd5 Qxd5 5. Nc3 Qa5 6. Bd2 e5 7. dxe5 Nxe5 8.
Nxe5 Qxe5 9. g3 c6 10. Bf4 Qa5 11. Bg2 Be7 12. O-O Be6 13. Qc2 O-O 14. a3 h6
15. b4 Qh5 16. Rad1 g5 17. Bd6 Bxd6 18. Rxd6 Ne8 19. Rd4 f5 20. Na4 Nf6 21. Nc5
Bc8 22. Rfd1 Qf7 23. Rd6 a5 24. e4 fxe4 25. Nxe4 Nxe4 26. Bxe4 Bf5 27. Bxf5
Qxf5 28. Qxf5 Rxf5 29. Rxh6 axb4 30. axb4 Ra2 31. Rd8+ Kg7 32. Rhh8 Raxf2 33.
Rhg8+ Kf7 34. Rgf8+ 1/2-1/2

[Event "Open Sport & Cultura A"]
[Site "Milano ITA"]
[Date "2010.02.14"]
[Round "4"]
[White "Salvador, Roland"]
[Black "Vezzosi, Paolo"]
[Result "1-0"]
[WhiteElo "2472"]
[BlackElo "2370"]
[PlyCount "85"]
[EventDate "2010.02.12"]

1. d4 Nf6 2. Nf3 g6 3. c4 Bg7 4. Nc3 d6 5. e4 Bg4 6. h3 Bxf3 7. Qxf3 Nc6 8. Be3
e5 9. dxe5 dxe5 10. Rd1 Nd4 11. Bxd4 exd4 12. Nb5 Qe7 13. Bd3 c6 14. Nxd4 Qb4+
15. Ke2 Qxb2+ 16. Nc2 Nd7 17. Qe3 Qb6 18. Qc1 Nc5 19. Qa3 Bb2 20. Qb4 Qxb4 21.
Nxb4 Bc3 22. Nc2 O-O-O 23. Ne3 Ne6 24. Bb1 Nd4+ 25. Kf1 Rd7 26. g3 Rhd8 27. Rd3
Bb4 28. Kg2 Ne2 29. Rb3 a5 30. Ng4 Rd2 31. Rf3 Rb2 32. a3 Bc5 33. e5 Rd7 34.
Nf6 Re7 35. Nxh7 Nc3 36. Bd3 Bd4 37. Ng5 Rxe5 38. Nxf7 Re7 39. Bxg6 Ree2 40.
Rf1 Red2 41. Nd6+ Kc7 42. Nf5 Bc5 43. Ng7 1-0

[Event "Open Sport & Cultura A"]
[Site "Milano ITA"]
[Date "2010.02.14"]
[Round "4"]
[White "Turov, Maxim"]
[Black "Martinez, Rolly"]
[Result "1-0"]
[WhiteElo "2584"]
[BlackElo "2423"]
[PlyCount "69"]
[EventDate "2010.02.12"]

1. d4 d5 2. c4 c6 3. Nc3 Nf6 4. e3 g6 5. Nf3 Bg7 6. Qb3 O-O 7. Bd2 Ne4 8. cxd5
Nxc3 9. dxc6 Nxc6 10. Bxc3 Be6 11. Qxb7 Bd5 12. Qa6 e5 13. Nxe5 Nxe5 14. dxe5
Qg5 15. O-O-O Rfd8 16. f4 Qe7 17. Qa5 Bc6 18. Be2 Bxg2 19. Rxd8+ Rxd8 20. Rd1
Rc8 21. Bg4 Rc7 22. Qb5 h5 23. Be2 Kh7 24. Qd3 Qe6 25. Qd6 Qc8 26. Qd2 Qh3 27.
Bd3 h4 28. Rg1 Bd5 29. Kb1 Qe6 30. f5 gxf5 31. Qf2 Kg8 32. Qxh4 Rxc3 33. Qd8+
Kh7 34. Qg5 Qxe5 35. Bxf5+ 1-0

[Event "Open Sport & Cultura A"]
[Site "Milano ITA"]
[Date "2010.02.14"]
[Round "4"]
[White "Vece, Luigi"]
[Black "Rizzi, Domenico"]
[Result "1-0"]
[WhiteElo "1697"]
[BlackElo "1659"]
[PlyCount "59"]
[EventDate "2010.02.12"]

1. e4 c5 2. Bc4 e6 3. Nc3 a6 4. a4 Nc6 5. Nf3 Qa5 6. Rb1 d6 7. O-O Nf6 8. d3
Be7 9. Bd2 Qc7 10. Ne1 e5 11. h3 O-O 12. f4 Bd7 13. f5 Nd4 14. Bg5 b5 15. Nd5
Nxd5 16. Bxd5 Bxg5 17. Bxa8 Rxa8 18. Qg4 Qd8 19. c3 Nb3 20. Nf3 Bf6 21. Qh5 b4
22. g4 h6 23. Rf2 bxc3 24. bxc3 Bxa4 25. h4 c4 26. g5 hxg5 27. hxg5 Be7 28. g6
fxg6 29. fxg6 Kf8 30. Nxe5+ 1-0

[Event "Open Sport & Cultura A"]
[Site "Milano ITA"]
[Date "2010.02.14"]
[Round "4"]
[White "Veri', Giustino"]
[Black "Krstic, Dragan"]
[Result "1/2-1/2"]
[WhiteElo "1630"]
[BlackElo "1768"]
[PlyCount "82"]
[EventDate "2010.02.12"]

1. d4 Nf6 2. Nf3 d5 3. c4 g6 4. Nc3 Bg7 5. Bg5 c6 6. Bxf6 Bxf6 7. cxd5 cxd5 8.
e3 O-O 9. h3 Bf5 10. Bd3 Bxd3 11. Qxd3 e6 12. O-O a6 13. a4 Nc6 14. Na2 Be7 15.
Rfc1 Qb6 16. Rab1 Rac8 17. b3 a5 18. Ne1 Ba3 19. Rc2 Bb4 20. Qe2 Bxe1 21. Qxe1
e5 22. b4 Nxb4 23. Rxc8 Rxc8 24. Nxb4 axb4 25. Rxb4 Qa5 26. Qb1 exd4 27. Rxd4
b6 28. Qd1 Rc5 29. e4 dxe4 30. Rd8+ Kg7 31. Qd4+ Re5 32. Re8 Kf6 33. Rxe5 Qxe5
34. Qxb6+ Ke7 35. a5 Kd7 36. a6 Qc7 37. Qd4+ Kc8 38. Qh8+ Kd7 39. Qd4+ Kc8 40.
Qh8+ Kd7 41. Qd4+ Kc8 1/2-1/2

[Event "Open Sport & Cultura A"]
[Site "Milano ITA"]
[Date "2010.02.14"]
[Round "5"]
[White "Attuati, Luca"]
[Black "Alidosi, Marco"]
[Result "0-1"]
[WhiteElo "1447"]
[BlackElo "1774"]
[PlyCount "56"]
[EventDate "2010.02.12"]

1. e4 c5 2. Nf3 Nc6 3. Bc4 e6 4. Nc3 a6 5. a3 b5 6. Ba2 Qc7 7. d3 g6 8. Ne2 Bg7
9. c3 Nge7 10. Bf4 d6 11. Qd2 h6 12. h3 Bb7 13. O-O g5 14. Nxg5 hxg5 15. Bxg5
O-O-O 16. Rac1 Rdg8 17. Bf4 Rxh3 18. gxh3 Bxc3+ 19. Kh2 Bxd2 20. Bxd2 Ne5 21.
Nd4 Nxd3 22. Rc2 Bxe4 23. f3 d5+ 24. f4 Rg2+ 25. Kh1 Rxd2+ 26. Kg1 Rxc2 27.
Nxc2 Nxf4 28. Kh2 Ne2+ 0-1

[Event "Open Sport & Cultura A"]
[Site "Milano ITA"]
[Date "2010.02.14"]
[Round "5"]
[White "Attuati, Stefano"]
[Black "Curtacci, Sergio"]
[Result "1/2-1/2"]
[WhiteElo "1812"]
[BlackElo "1974"]
[PlyCount "147"]
[EventDate "2010.02.12"]

1. e4 c5 2. Nf3 d6 3. d4 cxd4 4. Nxd4 Nf6 5. Nc3 a6 6. Be2 e5 7. Nb3 Be7 8. Be3
Be6 9. O-O Nbd7 10. f4 Qc7 11. f5 Bc4 12. Kh1 h5 13. Nd2 Bxe2 14. Qxe2 b5 15.
a3 Nb6 16. Rad1 Rc8 17. Rf3 Nc4 18. Nxc4 Qxc4 19. Qd3 Qxd3 20. cxd3 O-O 21. d4
Rxc3 22. bxc3 Nxe4 23. Bc1 Rc8 24. dxe5 dxe5 25. Re1 Nxc3 26. Bb2 Na4 27. Bxe5
Bg5 28. f6 g6 29. h3 Nb6 30. Bc3 Nd5 31. Bb4 Bxf6 32. Rd1 Nxb4 33. Rxf6 Nc2 34.
Rxa6 Ne3 35. Rb1 Rc2 36. Rxb5 Rc1+ 37. Kh2 Nf1+ 38. Kg1 h4 39. Kf2 Ng3 40. Rb2
Rc3 41. a4 Ra3 42. a5 Ne4+ 43. Ke1 Nc5 44. Ra8+ Kg7 45. Rb5 Ne6 46. Ra7 Ra2 47.
Rbb7 Ng5 48. Kf1 Ra4 49. Kf2 Ra2+ 50. Kg1 Ra1+ 51. Kh2 Ra2 52. Kg1 Ra1+ 53. Kf2
Ra2+ 54. Ke3 Rxg2 55. Rb5 Rg3+ 56. Ke2 Nxh3 57. Rc7 Nf4+ 58. Kf2 Ra3 59. Rc4
Ra2+ 60. Kf1 Ra1+ 61. Kf2 h3 62. Kg3 Rg1+ 63. Kh2 Rg2+ 64. Kh1 Ne2 65. Rb3 Ng3+
66. Rxg3 Rxg3 67. Ra4 Rc3 68. a6 Rc8 69. a7 Ra8 70. Kh2 g5 71. Kxh3 Kg6 72.
Ra6+ Kf5 73. Ra5+ Kg6 74. Kg4 1/2-1/2

[Event "Open Sport & Cultura A"]
[Site "Milano ITA"]
[Date "2010.02.14"]
[Round "5"]
[White "Baccarin, Stefano"]
[Black "Ranfagni, Stefano"]
[Result "0-1"]
[WhiteElo "1799"]
[BlackElo "2007"]
[PlyCount "78"]
[EventDate "2010.02.12"]

1. e4 e5 2. Nf3 Nf6 3. Nxe5 d6 4. Nf3 Nxe4 5. d4 d5 6. Qe2 Be7 7. Nc3 Nxc3 8.
bxc3 O-O 9. Qd3 b6 10. Be2 Ba6 11. Qd1 Bxe2 12. Qxe2 Re8 13. Be3 Bf6 14. O-O
Nc6 15. Qd3 Qd7 16. Bg5 Qd6 17. Bxf6 Qxf6 18. Rae1 a5 19. a4 h6 20. Re3 Rxe3
21. fxe3 Qe7 22. Re1 Qa3 23. Qf5 Rd8 24. e4 Qxc3 25. Rf1 Qe3+ 26. Kh1 Qxe4 27.
Qh5 Qg6 28. Qh3 Qe6 29. Qh4 Re8 30. Re1 Qd7 31. Rf1 Re4 32. Qh5 Qe6 33. c3 Ne7
34. Ne5 Ng6 35. Nxf7 Qxf7 36. Kg1 Qe6 37. Qd1 Nf4 38. Qf3 Ne2+ 39. Kh1 Rf4 0-1

[Event "Open Sport & Cultura A"]
[Site "Milano ITA"]
[Date "2010.02.14"]
[Round "5"]
[White "Bonavoglia, Marco"]
[Black "Casale, Anania"]
[Result "1-0"]
[WhiteElo "1859"]
[BlackElo "1732"]
[PlyCount "29"]
[EventDate "2010.02.12"]

1. d4 Nf6 2. Nc3 e6 3. Bg5 Be7 4. e4 d6 5. f4 e5 6. fxe5 Nxe4 7. Nxe4 Bxg5 8.
Nf3 h6 9. Bd3 Bg4 10. Qe2 O-O 11. Nexg5 Qxg5 12. Qe4 f5 13. Qd5+ Kh8 14. Nxg5
hxg5 15. h4 1-0

[Event "Open Sport & Cultura A"]
[Site "Milano ITA"]
[Date "2010.02.14"]
[Round "5"]
[White "Brociner, Beniamino"]
[Black "Astengo, Marcello"]
[Result "0-1"]
[WhiteElo "1866"]
[BlackElo "2104"]
[PlyCount "102"]
[EventDate "2010.02.12"]

1. e4 e6 2. d4 d5 3. exd5 exd5 4. Nf3 c5 5. c4 Nf6 6. cxd5 Nxd5 7. dxc5 Bxc5 8.
Bc4 Be6 9. O-O Nc6 10. Ng5 O-O 11. Qc2 g6 12. Bxd5 Qxd5 13. Nc3 Qf5 14. Qxf5
Bxf5 15. Nge4 Bd4 16. Nd6 Bd3 17. Rd1 Ba6 18. Bf4 Rad8 19. Rab1 g5 20. Bg3 f5
21. Nde4 f4 22. Bxf4 gxf4 23. b4 Bc4 24. Rdc1 Rfe8 25. Nd2 Bd3 26. Rb3 Nxb4 27.
h3 Bc2 28. Rxb4 Bxc3 29. Rc4 Rxd2 30. Rxc3 Rd1+ 31. Rxd1 Bxd1 32. Rc7 Rb8 33.
Kf1 f3 34. gxf3 Bxf3 35. Rc3 Rf8 36. Rc5 Bc6 37. Rg5+ Kf7 38. h4 Rd8 39. Ke2
Rd4 40. h5 Rd5 41. f4 Rxg5 42. fxg5 Ke6 43. g6 h6 44. Kd3 Bd5 45. a3 Kf5 46.
Kd4 Ba2 47. Kc5 Kg5 48. Kd6 Kxh5 49. a4 Kxg6 50. Kc7 Bd5 51. a5 h5 0-1

[Event "Open Sport & Cultura A"]
[Site "Milano ITA"]
[Date "2010.02.14"]
[Round "5"]
[White "Carbone, Lorenzo"]
[Black "Gussoni, Paolo"]
[Result "0-1"]
[WhiteElo "1751"]
[BlackElo "1626"]
[PlyCount "146"]
[EventDate "2010.02.12"]

1. e4 c6 2. c4 d5 3. exd5 cxd5 4. cxd5 Qxd5 5. Nc3 Qd8 6. Bb5+ Bd7 7. Qa4 Nc6
8. Nf3 Nf6 9. O-O e6 10. d4 a6 11. Bd3 Ne5 12. Qd1 Nxd3 13. Qxd3 Be7 14. Ne5
O-O 15. Nxd7 Qxd7 16. Be3 Rfd8 17. Qe2 Rac8 18. Rad1 Nd5 19. Ne4 Rc6 20. Qf3
Rdc8 21. Nc5 Qc7 22. a3 Bxc5 23. dxc5 Nxe3 24. Qxe3 Rxc5 25. h3 Rc2 26. b4 Rc3
27. Rd3 Rxd3 28. Qxd3 Rd8 29. Qe3 Rc8 30. Rd1 b5 31. Qg5 f6 32. Qe3 e5 33. Qf3
Qc6 34. Rd8+ Kf7 35. Qh5+ Ke7 36. Rd1 Qe4 37. Rf1 Rc3 38. Ra1 Rb3 39. Qd1 Rd3
40. Qc2 Qc4 41. Qb2 Qd4 42. Qc1 Kd7 43. Qf1 Rd2 44. Rc1 Qb2 45. Rd1 Rxd1 46.
Qxd1+ Qd4 47. Qb3 Ke7 48. Qf3 e4 49. Qb3 f5 50. Qg3 Ke6 51. Qb3+ Qc4 52. Qe3
Qd3 53. Qb6+ Qd6 54. Qe3 h6 55. Qb3+ Qd5 56. Qe3 g5 57. g3 Qd1+ 58. Kh2 Qd3 59.
Qb6+ Qd6 60. Qe3 Kf6 61. Qc3+ Qe5 62. Qe3 f4 63. Qb6+ Qe6 64. Qd8+ Ke5 65. Qh8+
Kd5 66. Qc3 fxg3+ 67. fxg3 Qc6 68. Qd2+ Ke6 69. g4 Qd6+ 70. Qxd6+ Kxd6 71. Kg2
Kd5 72. Kf2 Kd4 73. Ke2 e3 0-1

[Event "Open Sport & Cultura A"]
[Site "Milano ITA"]
[Date "2010.02.14"]
[Round "5"]
[White "Cerioni, Armando"]
[Black "Mircoli, Filippo"]
[Result "1-0"]
[WhiteElo "1988"]
[BlackElo "1729"]
[PlyCount "43"]
[EventDate "2010.02.12"]

1. f4 f5 2. e4 fxe4 3. d3 Nf6 4. dxe4 Nxe4 5. Bd3 Nf6 6. Nf3 e6 7. Ng5 Be7 8.
Bxh7 Bc5 9. Bg6+ Ke7 10. Nf7 Qf8 11. Nxh8 Qxh8 12. Nc3 b6 13. Qf3 Nc6 14. Be3
Ba6 15. O-O-O Bxe3+ 16. Qxe3 d5 17. Rhe1 Bc8 18. Nxd5+ Nxd5 19. Rxd5 Qxh2 20.
Rh5 Qxg2 21. Be4 Qg4 22. Rg5 1-0

[Event "Open Sport & Cultura A"]
[Site "Milano ITA"]
[Date "2010.02.14"]
[Round "5"]
[White "D'Alessio, Angelo"]
[Black "Colombo, Luca"]
[Result "1-0"]
[WhiteElo "2017"]
[BlackElo "1874"]
[PlyCount "83"]
[EventDate "2010.02.12"]

1. e4 c5 2. Nf3 d6 3. d4 cxd4 4. Nxd4 Nf6 5. Nc3 g6 6. Be3 Bg7 7. f3 O-O 8. Qd2
Nc6 9. O-O-O Bd7 10. g4 Rc8 11. h4 Ne5 12. h5 Qa5 13. hxg6 fxg6 14. Kb1 Nxf3
15. Nxf3 Rxc3 16. Qxc3 Qxc3 17. bxc3 Bxg4 18. Bc4+ Kh8 19. Rdf1 Nxe4 20. Ng5
Rxf1+ 21. Rxf1 Nxc3+ 22. Kc1 d5 23. Nf7+ Kg8 24. Nh6+ Bxh6 25. Bxh6 Bf5 26. Bd3
e6 27. Kb2 Ne4 28. Ka3 Nc5 29. Bxf5 exf5 30. Rd1 Kf7 31. Rxd5 b6 32. Rd8 Kf6
33. Rf8+ Ke5 34. Rh8 Ke4 35. Rxh7 f4 36. Re7+ Kf3 37. Rf7 Ne6 38. Rf6 Nd8 39.
Bxf4 Kg4 40. Bc7 Nb7 41. Rxg6+ Kf3 42. Bb8 1-0

[Event "Open Sport & Cultura A"]
[Site "Milano ITA"]
[Date "2010.02.14"]
[Round "5"]
[White "D'Urbino, Ilan"]
[Black "Guzzetti, Luigi Enrico"]
[Result "0-1"]
[WhiteElo "1742"]
[BlackElo "1887"]
[PlyCount "108"]
[EventDate "2010.02.12"]

1. e4 c5 2. Nf3 e6 3. d4 cxd4 4. Nxd4 a6 5. Bd3 Qc7 6. O-O Nf6 7. Qe2 d6 8. c4
Nc6 9. Be3 Be7 10. f4 Bd7 11. Nc3 Rc8 12. Rac1 Qb8 13. c5 e5 14. Nb3 exf4 15.
Bxf4 Ne5 16. Bxe5 dxe5 17. Nd5 Be6 18. Rfd1 Nxd5 19. exd5 Bxd5 20. Bxa6 Bc6 21.
Bd3 O-O 22. Re1 Bf6 23. Rf1 e4 24. Bb1 Qe5 25. Qg4 Qg5 26. Qe2 Rfe8 27. Rce1 h5
28. Qc4 Bd5 29. Qc2 h4 30. Re2 h3 31. Rfe1 Be5 32. Rxe4 Bxe4 33. Rxe4 Qxg2+ 34.
Qxg2 hxg2 35. Kxg2 Bxb2 36. Na5 Rxe4 37. Bxe4 Rxc5 38. Nxb7 Rb5 39. a4 Re5 40.
Kf3 Bd4 41. Nd8 f5 42. Bc2 g5 43. Nc6 Re3+ 44. Kf2 Bc5 45. Kf1 f4 46. a5 Kf7
47. a6 Ra3 48. Ne5+ Ke6 49. Nd3 Kd5 50. Nf2 Bxf2 51. Kxf2 Ra2 52. a7 Rxc2+ 53.
Kf3 Ra2 54. Kg4 Rxa7 0-1